《5:20AM》歌词中的河南城市填空 Henan cities in lyrics to "5:20AM" - Statistics

General Stats
  • This quiz has been taken 59 times
  • The average score is 9 of 17
Answer Stats
歌词 城市 % Correct
俺是河南嘞河南_ _嘞 洛阳
90%
每天下班后带你转_ _ 郑州
86%
从_ _ _带你转到_ _ 平顶山
69%
带你转_ _ _ _ _ _ _ _ 信阳
57%
南阳
57%
濮阳
53%
安阳
53%
新乡
51%
许昌
47%
再从_ _转到_ _ 开封
45%
三门峡
45%
驻马店
41%
带你转_ _ 漯河
39%
从_ _转到_ _ _ _ _到_ _ _ 鹤壁
35%
焦作
31%
商丘
31%
带你转_ _带你转_ _ 周口
27%
No matching quizzes found
Score Distribution
Percent of People with Each Score
Percentile by Number Answered
Your Score History
You have not taken this quiz